| 000 | 00777nam a2200265Ia 4500 | ||
|---|---|---|---|
| 003 | OSt | ||
| 005 | 20221006140550.0 | ||
| 006 | a|||||r|||| 00| 0 | ||
| 007 | ta | ||
| 008 | 221006b |||||||| |||| 00| 0 jpn d | ||
| 020 |
_a9784653036197 _c¥2500 |
||
| 024 | _a84 | ||
| 037 |
_bGift, Japan Foundation _cTextual |
||
| 040 |
_aEASL _cEASL _bjpn |
||
| 041 |
_2jpn _ajpn |
||
| 082 | _aO420aX:5.M68, N9 | ||
| 100 |
_aKOKUBUNGAKU KENKYU SHIRYOKAN Ed. _9642773 |
||
| 245 | 0 |
_aShobai hanjo _b Edobungaku to kagyo |
|
| 260 |
_aKyoto _bRinsen Shoten _c1999 |
||
| 300 |
_a230 _ccm. |
||
| 490 | _v JL | ||
| 650 |
_aJL _9642774 |
||
| 942 |
_hO420aX:5.M68, N9 _cTEXL _2CC |
||
| 999 |
_c1068173 _d1068173 |
||